| 000 | 00691nam a2200205 a 4500 | ||
|---|---|---|---|
| 001 | 1059 | ||
| 003 | CDMR | ||
| 005 | 20130509193744.0 | ||
| 008 | 130130s1999||||||||||||||||||||||||||||d | ||
| 020 | _a8472834778 | ||
| 040 |
_aCDMR _bcat _cCPC LLEIDA |
||
| 100 | 1 |
_aFigueres i Artigues, Josep Maria _913 |
|
| 245 | 1 | 3 |
_aEl primer diari en llengua catalana _b: Diari català (1879-1881) _cJosep M. Figueres i Artigues |
| 260 |
_aBarcelona _c1999 _bInstitut d'Estudis Catalans |
||
| 490 | 0 |
_aMemòries de la Secció Històrico-Arqueològica _v52 |
|
| 586 | _aPremi Nicolau d'Olwer 1995 | ||
| 610 | 2 |
_9194 _aDiari Català _xHistòria |
|
| 710 | 2 |
_9559 _aInstitut d'Estudis Catalans |
|
| 942 |
_cMON _2ddc |
||
| 999 |
_c1059 _d1059 |
||